[Event "Langenhagen-ch op"]
[Site "Langenhagen"]
[Date "2005.07.08"]
[Round "7"]
[White "Guitkis, Alexej"]
[Black "Dinc, Fatih Ali"]
[Result "1-0"]
[WhiteElo "2053"]
[BlackElo "949"]
[PlyCount "90"]
[EventDate "2005.05.06"]
[EventType "tourn"]
[EventRounds "9"]
[EventCountry "GER"]
[SourceTitle "EXT 2021"]
[Source "ChessBase"]
[SourceDate "2020.10.23"]
[SourceVersion "1"]
[SourceVersionDate "2020.10.23"]
[SourceQuality "1"]

1. e4 e6 2. d4 d5 3. Nd2 Nc6 4. Ngf3 Bd7 5. c3 Nge7 6. e5 Nf5 7. Bd3 Nce7 8. 0-0 g6 9. Re1 Bg7 10. Nf1 0-0 11. Bf4 b6 12. Qd2 c5 13. g4 c4 14. Bc2 a5 15. gxf5 Nxf5 16. Bxf5 exf5 17. Bh6 Re8 18. Bg5 f6 19. exf6 Bxf6 20. Bxf6 Qxf6 21. Qg5 Qxg5+ 22. Nxg5 Kg7 23. f4 h6 24. Nh3 a4 25. a3 Kf7 26. Kf2 Kf6 27. Re5 Rxe5 28. dxe5+ Kf7 29. Nd2 Be6 30. Nf3 b5 31. Nd4 Rb8 32. Ng1 Rb6 33. Ngf3 Ke7 34. Nxe6 Rxe6 35. Nd4 Rb6 36. h4 h5 37. e6 Kf6 38. Re1 Ke7 39. Re5 Rd6 40. Kf3 b4 41. axb4 a3 42. bxa3 Ra6 43. Rxd5 Rxa3 44. Rd7+ Ke8 45. Nb5 Ra8 1-0

[Event "Langenhagen-ch op"]
[Site "Langenhagen"]
[Date "2005.07.01"]
[Round "6"]
[White "Dinc, Fatih Ali"]
[Black "Bedenko, Valeri"]
[Result "0-1"]
[WhiteElo "949"]
[BlackElo "1715"]
[PlyCount "99"]
[EventDate "2005.05.06"]
[EventType "tourn"]
[EventRounds "9"]
[EventCountry "GER"]
[SourceTitle "EXT 2021"]
[Source "ChessBase"]
[SourceDate "2020.10.23"]
[SourceVersion "1"]
[SourceVersionDate "2020.10.23"]
[SourceQuality "1"]

1. d4 Nf6 2. Nc3 g6 3. Nf3 Bg7 4. e4 d6 5. Bc4 0-0 6. 0-0 c6 7. Re1 Qc7 8. Bf4 Nh5 9. Qd2 Nxf4 10. Qxf4 e5 11. dxe5 dxe5 12. Qe3 Nd7 13. Rad1 Nf6 14. h3 Qe7 15. Qd3 Nh5 16. Ne2 Be6 17. Bxe6 Qxe6 18. Qb3 Qxb3 19. axb3 Rad8 20. Rxd8 Rxd8 21. Ra1 a6 22. Ra5 Rd1+ 23. Kh2 Rf1 24. Ng3 Rxf2 25. Rc5 Nf4 26. Ne1 Rd2 27. Rc3 Bf8 28. Kg1 Rd1 29. Kf2 Bb4 30. Re3 Bc5 31. Nf1 Rb1 32. Nd3 Nxd3+ 33. cxd3 Rxb2+ 34. Ke1 Rb1+ 35. Ke2 Rxf1 36. Kxf1 Bxe3 37. Ke2 Bd4 38. g4 h6 39. Kf3 f6 40. Kg3 a5 41. Kf3 b5 42. Ke2 Kf7 43. Kd1 f5 44. gxf5 g5 45. Kd2 h5 46. Ke2 a4 47. bxa4 bxa4 48. Kd1 g4 49. hxg4 hxg4 50. Ke2 0-1

[Event "Langenhagen-ch op"]
[Site "Langenhagen"]
[Date "2005.06.10"]
[Round "4"]
[White "Wildeboer, Jan"]
[Black "Dinc, Fatih Ali"]
[Result "0-1"]
[WhiteElo "1421"]
[BlackElo "949"]
[PlyCount "48"]
[EventDate "2005.05.06"]
[EventType "tourn"]
[EventRounds "9"]
[EventCountry "GER"]
[SourceTitle "EXT 2021"]
[Source "ChessBase"]
[SourceDate "2020.10.23"]
[SourceVersion "1"]
[SourceVersionDate "2020.10.23"]
[SourceQuality "1"]

1. e4 e6 2. d4 d5 3. exd5 exd5 4. Bd3 Nc6 5. c3 Nf6 6. Bg5 Be7 7. Nf3 0-0 8. Qc2 Ne4 9. Bxe7 Qxe7 10. 0-0 Bg4 11. Nbd2 Rae8 12. Rae1 Bf5 13. Re3 Bg6 14. Ne1 Qh4 15. Qb3 Nxd2 16. Qxb7 Nxf1 17. Nf3 Qf6 18. Rxe8 Rxe8 19. Bxf1 Be4 20. Bb5 Bxf3 21. gxf3 Qxf3 22. Bf1 Ne7 23. Qxc7 Ng6 24. Bg2 Re1+ 0-1